|
|
|
|
| LEADER |
00000naa2a2200000 4500 |
| 001 |
428365 |
| 005 |
20231101074826.0 |
| 035 |
|
|
|a (RuTPU)RU\TPU\prd\87904
|
| 035 |
|
|
|a RU\TPU\prd\11482
|
| 090 |
|
|
|a 428365
|
| 100 |
|
|
|a 20101012a2002 k y0rusy50 ca
|
| 101 |
0 |
|
|a rus
|
| 102 |
|
|
|a RU
|
| 200 |
1 |
|
|a Выбор мест контроля радиоактивных аэрозолей в рабочих зонах
|f Б. И. Огородников
|
| 225 |
1 |
|
|a Обзоры
|
| 320 |
|
|
|a Библиогр.: 5 назв.
|
| 461 |
|
1 |
|0 (RuTPU)RU\TPU\prd\151
|t Дефектоскопия
|d 1965-
|
| 463 |
|
1 |
|0 (RuTPU)RU\TPU\prd\87901
|t № 11
|v С. 6-9
|d 2002
|
| 610 |
1 |
|
|a радиоактивные аэрозоли
|
| 610 |
1 |
|
|a перенос аэрозолей
|
| 610 |
1 |
|
|a стационарные пробоотборники
|
| 610 |
1 |
|
|a персональные пробоотборники
|
| 610 |
1 |
|
|a отсроченное время
|
| 610 |
1 |
|
|a коэффициент качества
|
| 675 |
|
|
|a 621.039.59
|v 3
|
| 700 |
|
1 |
|a Огородников
|b Б. И.
|
| 801 |
|
1 |
|a RU
|b 63413507
|c 20030317
|g PSBO
|
| 801 |
|
2 |
|a RU
|b 63413507
|c 20131016
|g RCR
|
| 942 |
|
|
|c BK
|